书目信息 |
| 书名: | Contemporary furniture | |
| 作者: | John G. Shea. | |
| 分册号: | ||
| 分册名: | 出版地: | New York : |
|
| 出版社: | Van Nostrand Reinhold Co | |
| 出版时间: | 1980, c1973. | |
| 页数: | 190 p. : | |
| 开本: | 28 cm. | |
| 丛书名: | ||
| 中图分类号: | ||
| 科图分类号: | ||
| 其他分类号: | TS66 | |
| 主题词: | ||
| 电子资源: | ||
| 000 | 00980cam a2200289 i 450 | |
| 001 | E0739444279 | |
| 005 | 20070306105932.82 | |
| 008 | 810107t19801973nyua b 001 0 eng | |
| 010 | @a80147245 | |
| 020 | @a0442201729 (pbk.) :@cCNY10.95. | |
| 035 | @A(DLC) 80147245 | |
| 040 | @aDLC@cDLC@dDLC | |
| 050 | 00 | @aTT195@b.S5 1980 |
| 082 | 00 | @a684.1/042@2 19 |
| 090 | @aTS66 | |
| 099 | @dTS66@ex3 | |
| 100 | 1 | @aShea, John Gerald. |
| 240 | 10 | @aAnatomy of contemporary furniture |
| 245 | 10 | @aContemporary furniture / @cJohn G. Shea. |
| 260 | @aNew York :@bVan Nostrand Reinhold Co.,@c1980, c1973. | |
| 300 | @a190 p. :@bill. ;@c28 cm. | |
| 500 | @aPrevious ed. (1973) published under title: Anatomy of contemporary furniture. | |
| 500 | @aIncludes index. | |
| 504 | @aBibliography: p. 188. | |
| 650 | 0 | @aFurniture making@xAmateurs’ manuals. |
| 906 | @a7@bcbc@corignew@d2@encip@f19@gy-gencatlg | |
| 991 | @bc-GenColl@hTT195@i.S5 1980@p00050723549@tCopy 1@wBOOKS | |
| Contemporary furniture / / John G. Shea.-New York : : Van Nostrand Reinhold Co., , 1980, c1973. |
| 190 p. : : ill. ; ; 28 cm. |
| Previous ed. (1973) published under title: Anatomy of contemporary furniture.-Includes index.-Bibliography: p. 188. |
| ISBN 0442201729 (pbk.) :CNY10.95. |
| ● |
| 相关链接 |
|
|
|
|
正题名:Contemporary furniture
索取号:TS66/x3
 
预约/预借
| 序号 | 登录号 | 条形码 | 馆藏地/架位号 | 状态 | 备注 |
| 1 | 0000205 | 300002057 | 第四借阅区/ [索取号:TS66/x3] | 在馆 |